000 00499cam a2200169 a 4500
001 000002151
005 20200929150153.0
008 750724s1952 mau 000 1 eng
040 _aDO-SdBNP
_bspa
_cBNPHU
082 _a813.54
_bN424s
100 1 _aNelson, Truman,
_d1911-1987.
_96875
245 1 4 _aThe sin of the prophet /
_cTruman Nelson.
260 _aBoston, :
_bLittle,
_c[c1952].
300 _a450 p. ;
_c22 cm.
650 4 _aNovela estadounidense
_9262
650 4 _aLiteratura estadounidense
_9263
999 _c2002
_d2002